000 00489cam a2200145 4500500
005 20251012010619.0
041 _afre
042 _adc
100 1 0 _aChapuis, Émilie
_eauthor
245 0 0 _aLes philosophes du néant : Un essai sur l’école de Kyoto
260 _c2009.
500 _a4
786 0 _nPhilosophie magazine | 27 | 3 | 2009-03-01 | p. 31-34 | 1951-1787
856 4 1 _uhttps://shs.cairn.info/magazine-philosophie-magazine-2009-3-page-31?lang=fr&redirect-ssocas=7080
999 _c1519950
_d1519950